Statystyki dla Zgadnij rysowane państwa europejskie

Kliknij tutaj aby rozwiązać quiz!

Ogólne statystyki

  • Ten quiz został rozwiązany 22 823 razy
  • Średni wynik to 8 z 16

Odpowiedzi na mapie

Odpowiedzi skodowane kolorowo w zielono-czerwonej skali na mapie do tego quizu, zgodnie z poniższymi procentami.
 

Statystyki odpowiedzi

% Poprawnych
Francja
63%
Grecja
63%
Hiszpania
62%
Chorwacja
61%
Niemcy
61%
Polska
61%
Rosja
61%
Austria
60%
Czechy
60%
Szwecja
60%
Wielka Brytania
60%
Włochy
60%
Islandia
59%
Norwegia
59%
Portugalia
59%
Słowacja
59%
Ukraina
59%
Węgry
59%
Dania
58%
Rumunia
58%
Bośnia i Hercegowina
57%
Finlandia
57%
Litwa
57%
Serbia
57%
Szwajcaria
57%
Kosowo
56%
Albania
55%
Białoruś
55%
Holandia
55%
Irlandia
55%
Łotwa
55%
Macedonia Północna
55%
Watykan
55%
Bułgaria
53%
Mołdawia
52%
Belgia
50%
Estonia
49%
Monako
49%
Malta
48%
Słowenia
48%
Czarnogóra
45%
Luksemburg
44%
Liechtenstein
43%
Andora
41%
San Marino
38%

Rozkład punktacji

Percentyl według liczby udzielonych odpowiedzi

Procent ludzi z każdym wynikiem

Twoja historia wyników

Nie rozwiązałeś tego quizu